[Event "HCL-C4096"]
[Site "www.playchess.de"]
[Date "2006.03.09"]
[Round "10"]
[White "lui123matt"]
[Black "Dreamtheater"]
[WhiteElo "800"]
[BlackElo "800"]
[PlyCount "28"]
[Result "0-1"]

1.d4 d5 2.Nf3 Nc6 3.Nc3 Be6 4.Bf4 a6 5.e3 Nf6 
6.Na4 Bf5 7.Nc5 Na5 8.Qd2 Nc4 9.Bxc4 dxc4 10.Nxb7 
Qb8 11.Nc5 Qxb2 12.Bxc7 Qxa1+ 13.Ke2 Qxa2 14.Rd1 
Ne4 0-1

[Event "HCL-B3857"]
[Site "www.playchess.de"]
[Date "2006.03.09"]
[Round "8"]
[White "googleforu"]
[Black "rvvillal"]
[WhiteElo "1187"]
[BlackElo "1086"]
[PlyCount "44"]
[Result "1/2-1/2"]

1.e4 c5 {Good Luck!!!}  2.d4 cxd4 3.Qxd4 Nc6 4.Qd1 
e5 5.Nf3 Nf6 6.Nc3 Bb4 7.Bd2 O-O 8.a3 Bxc3 9.Bxc3 
d6 10.h3 Nxe4 11.Bd3 Nc5 12.Qe2 e4 13.Bxe4 Nxe4 
14.O-O Re8 15.Qe3 Nxc3 16.Qxc3 Bf5 17.Rae1 Rxe1 
18.Rxe1 Qd7 19.Nh4 Rc8 20.Qd2 Re8 21.Nxf5 Rxe1+ 
22.Qxe1 g6 {(offering draw)}  1/2-1/2

[Event "HCL-C4086"]
[Site "www.playchess.de"]
[Date "2006.03.09"]
[Round "3"]
[White "schach123matt"]
[Black "Loren7"]
[WhiteElo "800"]
[BlackElo "800"]
[PlyCount "65"]
[Result "1-0"]

1.e4 e5 2.Qh5 d6 3.Bc4 Nh6 4.d3 g6 5.Qf3 Be6 
6.Bxe6 fxe6 7.Bxh6 Bxh6 8.g3 Nc6 9.c3 Qg5 10.Ne2 
Rf8 11.Qg2 d5 12.O-O O-O-O 13.exd5 exd5 14.Na3 Qd2 
15.Rae1 Qxb2 16.Nb1 Kb8 17.f4 Qxa2 18.fxe5 Nxe5 
19.Rxf8 Bxf8 20.Nf4 Qa1 21.Ne6 Nxd3 22.Rd1 Re8 
23.Qxd5 Qa4 24.Rxd3 a6 25.Qd7 Qc4 26.Qxe8+ Ka7 
27.Qxf8 Qxd3 28.Qc5+ Ka8 29.Na3 Qd1+ 30.Kf2 Qd2+ 
31.Kf3 Qd1+ 32.Ke4 Qg4+ 33.Nf4 1-0

[Event "HCL-T266"]
[Site "www.playchess.de"]
[Date "2006.03.09"]
[Round "2"]
[White "pruliere"]
[Black "stevetilbury"]
[WhiteElo "1830"]
[BlackElo "1610"]
[PlyCount "51"]
[Result "1-0"]

1.e4 e6 2.d4 d5 3.Nc3 Bb4 4.e5 c5 5.a3 Ba5 {Hello 
from London}  6.Nf3 {hello from Nice}  cxd4 7.Qxd4 
Ne7 8.b4 Bc7 9.Nb5 Nbc6 10.Nxc7+ Qxc7 11.Qc3 a6 
12.Bd3 Bd7 13.O-O Rc8 14.Bb2 Nb8 15.Qxc7 Rxc7 
16.Ng5 h6 17.Nh3 O-O 18.Bd4 Ba4 19.Rfc1 Rfc8 
20.Bc5 Nd7 21.Bxe7 Nxe5 22.Bc5 Nxd3 23.cxd3 Bb5 
24.Rcd1 f6 25.Nf4 Kf7 26.a4 1-0

[Event "HCL-C4154"]
[Site "www.playchess.de"]
[Date "2006.03.09"]
[Round "8"]
[White "Grunert"]
[Black "Veltliner"]
[WhiteElo "1012"]
[BlackElo "800"]
[PlyCount "66"]
[Result "0-1"]

1.d4 e6 2.e3 Nf6 3.Nf3 Be7 4.g3 O-O 5.Bg2 c6 6.Nc3 
b5 7.a3 a5 8.Bd2 Ba6 9.O-O b4 10.axb4 Bxf1 11.Kxf1 
Bxb4 12.Ne5 Re8 13.b3 Qb6 14.Na4 Qb5+ 15.Kg1 d6 
16.Bxb4 axb4 17.Nd3 Ra5 18.Qd2 Na6 19.Bf1 Ng4 
20.h3 Nf6 21.f3 Qg5 22.g4 e5 23.Nxb4 Nxb4 24.Qxb4 
Qxe3+ 25.Kh1 Rd5 26.Re1 Qf4 27.Bg2 Rxd4 28.Qc3 c5 
29.Nxc5 dxc5 30.Qxc5 h6 31.c3 Rd5 32.Qc7 Qd2 
33.Bf1 Qxe1 0-1

[Event "HCL-A2620"]
[Site "www.playchess.de"]
[Date "2006.03.09"]
[Round "4"]
[White "janaj"]
[Black "Akkarin"]
[WhiteElo "1270"]
[BlackElo "1375"]
[PlyCount "56"]
[Result "1/2-1/2"]

1.c4 {Hello from Munich and much fun!}  d6 
{Grussen aus Imardin, Kyralia.}  2.g3 e5 3.Bg2 c6 
4.Nc3 Nf6 5.Nf3 Be7 6.O-O Be6 7.d3 Nbd7 8.h3 Qc7 
9.Ng5 O-O 10.Nxe6 fxe6 11.Be3 d5 12.cxd5 exd5 
13.d4 e4 14.a3 Bd6 15.b4 Nb6 16.Rc1 Nc4 17.Bg5 Qd7 
18.e3 Rf7 19.Bxf6 Rxf6 20.Ra1 Raf8 21.Na4 b5 
22.Nc5 Bxc5 23.dxc5 Qe7 24.Qd4 R6f7 25.Ra2 Qf6 
26.Qxf6 R7xf6 27.Kh2 g5 28.g4 h6 {(offering draw)} 
 1/2-1/2

[Event "HCL-A2565"]
[Site "www.playchess.de"]
[Date "2006.03.09"]
[Round "7"]
[White "MimiSiku"]
[Black "willem199"]
[WhiteElo "1525"]
[BlackElo "1450"]
[PlyCount "90"]
[Result "0-1"]

1.e4 {Hello from Würzburg, Germany. Have a nice 
game!}  e5 {hello from Bergen op Zoom, 
Holland;
have a nice game, too}  2.Nf3 Nc6 3.d4 exd4 4.Nxd4 
Bc5 5.c3 Qh4 6.Qd3 Nf6 7.Nd2 Ne5 8.Qe3 d6 9.g3 Qg4 
10.Bg2 O-O 11.O-O Qh5 12.N2f3 Nfg4 13.Qg5 Nxf3+ 
14.Nxf3 Qxg5 15.Nxg5 f5 16.Bf4 fxe4 17.Nxe4 Bb6 
18.Rad1 Bd7 19.Bh3 h5 20.Bxg4 Bxg4 21.Rd2 Rae8 
22.Ng5 h4 23.b3 Rf5 24.Kg2 Rff8 25.f3 Bd7 26.Ne4 
Bc6 27.Ng5 Be3 {moet wat!}  28.Bxe3 {Was???}  Rxe3 
{I wuste nicht mehr was Ich wollte}  29.c4 {Ach 
so!? :-D}  hxg3 30.hxg3 Rf5 31.Ne4 Bxe4 32.fxe4 
Rxf1 33.Kxf1 Rxe4 34.Kf2 Kf7 35.Rd1 Kf6 36.Kf3 Re5 
37.g4 Ke6 38.Kf4 Re2 39.a4 c6 40.Rd3 d5 41.c5 b6 
42.cxb6 axb6 43.Rc3 c5 44.b4 Re4+ 45.Kg5 
Rxb4 0-1

[Event "HCL-A2629"]
[Site "www.playchess.de"]
[Date "2006.03.09"]
[Round "5"]
[White "Matu"]
[Black "froilo"]
[WhiteElo "1535"]
[BlackElo "1490"]
[PlyCount "65"]
[Result "1-0"]

1.e4 c5 2.c3 d6 3.d4 cxd4 4.cxd4 Bd7 5.d5 Nf6 
6.Nc3 g6 7.Qb3 Qc7 8.Be2 Bg7 9.Be3 O-O 10.Rc1 b6 
11.Nb5 Qb7 12.Rc7 Qa6 13.Nxa7 b5 14.Nxb5 Bxb5 
15.Bxb5 Qa5+ 16.Rc3 Nxe4 17.Ne2 Nxc3 18.Nxc3 Bxc3+ 
19.bxc3 Qxa2 20.Qxa2 Rxa2 21.O-O Na6 22.g3 Nc5 
23.Bxc5 dxc5 24.Re1 Rb2 25.c4 e6 26.dxe6 fxe6 
27.f4 Rd8 28.Ba4 Rd4 29.Bb5 Rdd2 30.Bc6 Rdxh2 
31.Rxe6 Rhc2 32.Bd5 Rc1+ 33.Re1+ 1-0

[Event "HCL-E1573"]
[Site "www.playchess.de"]
[Date "2006.03.09"]
[Round "2"]
[White "ippuli"]
[Black "alldrix"]
[WhiteElo "1608"]
[BlackElo "1635"]
[PlyCount "80"]
[Result "0-1"]

1.e4 {Hello again! Good luck...}  e6 {kittos! :D}  
2.d4 {Studing Finnish?? "Kiitos" is correct!}  d5 
{yes, advanced finnish, kittos :)}  3.Nc3 Nf6 4.e5 
Nfd7 5.Nf3 c5 {teach me finnish... i 'd like to 
speak fluent finnish till the end of this game :D} 
 6.b3 {No sehän passaa, jos sinä sitten opetat 
minulle Brasiliaa!!}  Nc6 {eu entendi! claro que 
ensino :D}  7.Bd3 {Ensino a distância! :o)}  cxd4 
{Mina rakastan sinua :)}  8.Nb5 {Oih, Allan!!}  
Ndxe5 {Oi Ismo!}  9.Nxe5 {Weird!!}  Nxe5 {moi Ismo 
:)}  10.O-O {No moi moi! :)}  Nxd3 {Kuinka voit?}  
11.Qxd3 {Kiitos, hyvin! Entä sinä?}  Be7 {hyvin 
kin, kittos! :)}  12.Nxd4 {Sinähän olet kuin 
syntyperäinen Suomalainen....}  Bd7 {lol kittos 
:D}  13.Re1 {Eipä kestä! :))}  O-O 14.Re3 Bf6 
15.Rb1 a6 16.Rh3 g6 17.Nf3 e5 18.Ne1 {OOpss}  Bxh3 
{Jaaha!}  19.Qxh3 Qa5 20.Bh6 Qxa2 21.Rd1 Rfd8 
22.Qf3 Bg7 23.Bg5 e4 24.Qg4 f5 25.Qg3 Rd7 26.h4 
Qb2 27.Qe3 Rc8 28.f3 d4 29.Qf4 e3 30.h5 Qc3 
31.hxg6 hxg6 32.Bh6 Qc7 33.Qh4 Kf7 34.Bxg7 Kxg7 
35.Rxd4 Rcd8 36.Rc4 Qd6 37.Nd3 Rh8 38.Qf4 Qxf4 
39.Rxf4 Rc8 40.g4 Rxc2 0-1

[Event "HCL-A2434"]
[Site "www.playchess.de"]
[Date "2006.03.09"]
[Round "29"]
[White "Michael_Lloyd"]
[Black "golddim"]
[WhiteElo "1471"]
[BlackElo "1506"]
[PlyCount "116"]
[Result "1/2-1/2"]

1.e4 {Greetings from Ottawa and good luck!}  e5 
{Hello from Israel!}  2.Nf3 Nc6 3.Bb5 a6 4.Ba4 Nf6 
5.d4 exd4 6.O-O Be7 7.e5 Ne4 8.Nxd4 Nxe5 9.Re1 Nc5 
10.Rxe5 Nxa4 11.Qe1 d6 12.Re2 Bg4 13.f3 c5 14.Nb3 
Be6 15.N3d2 O-O 16.b3 Nb6 17.Bb2 Bf6 18.Nc3 Nd5 
19.Nde4 Be7 20.Rd1 Nf4 21.Red2 d5 22.Nf2 d4 
23.Nce4 Nd5 24.R2d3 Qb6 25.c3 dxc3 26.Bxc3 Nxc3 
27.Qxc3 Bf5 28.Qe5 Bxe4 29.Qxe4 Rfe8 30.Qe2 c4 
31.bxc4 Bc5 32.Qd2 h6 33.Kf1 Rac8 34.Ne4 Bb4 
35.Qb2 Rc6 36.Qb3 Bc5 37.Nxc5 Qxc5 38.Qxb7 Qxc4 
39.Qb3 Qxb3 40.axb3 Rb8 41.R3d8+ Rxd8 42.Rxd8+ Kh7 
43.Ra8 g5 44.Ra7 Kg6 45.g4 f5 46.Ke2 Kf6 47.h3 Ke5 
48.Ke3 f4+ 49.Kd3 Kd5 50.Rd7+ Rd6 51.Rxd6+ Kxd6 
52.Kd4 a5 53.Kc4 Kc6 54.Kc3 Kc5 55.Kc2 Kb5 56.Kc3 
Kc5 57.Kd3 Kb4 58.Kc2 Kb5 {(offering draw)} 
 1/2-1/2

[Event "HCL-C4182"]
[Site "www.playchess.de"]
[Date "2006.03.09"]
[Round "1"]
[White "cla114"]
[Black "Grunert"]
[WhiteElo "851"]
[BlackElo "1018"]
[PlyCount "72"]
[Result "0-1"]

1.e4 e5 2.Nf3 d6 3.d4 exd4 4.Nxd4 Nf6 5.Nc3 g6 
6.Bc4 Bg7 7.O-O O-O 8.Bg5 h6 9.Bh4 g5 10.Bg3 Qe7 
11.Qf3 Bg4 12.Qe3 Re8 13.Nd5 Nxd5 14.Bxd5 c6 
15.Bc4 Qxe4 16.Rae1 Qxe3 17.Rxe3 Rxe3 18.Bxd6 Re8 
19.c3 Bxd4 20.cxd4 Rd8 21.Be5 Nd7 22.Re1 Nxe5 
23.dxe5 Rde8 24.h3 Be6 25.Bd3 Bxa2 26.Bf5 Re7 
27.e6 fxe6 28.Bg6 Bd5 29.g3 Rf8 30.Bh5 Bf3 31.h4 
Bxh5 32.hxg5 hxg5 33.Kg2 Ref7 34.Rxe6 R7xf2+ 
35.Kh3 Rxb2 36.g4 Rf3+ 0-1

[Event "HCL-B3807"]
[Site "www.playchess.de"]
[Date "2006.03.09"]
[Round "4"]
[White "dynamike"]
[Black "Holzgieser"]
[WhiteElo "1479"]
[BlackElo "1500"]
[PlyCount "66"]
[Result "0-1"]

1.e4 e5 2.Nf3 Nf6 3.Nc3 Nc6 4.Bc4 Be7 5.O-O d6 
6.h3 O-O 7.d4 exd4 8.Nxd4 Nxd4 9.Qxd4 c5 10.Qd1 
Bd7 11.Re1 Bc6 12.Qe2 Re8 13.Be3 Nxe4 14.Nxe4 Bxe4 
15.Bxc5 Bf6 16.Be3 Bxb2 17.Rab1 Qf6 18.f3 Bg6 
19.Qf2 b6 20.Rbd1 Rad8 21.h4 Qc3 22.Bb3 Ba3 23.Bd4 
Qc7 24.g4 h5 25.gxh5 Bxh5 26.Qg3 g6 27.Rxe8+ Rxe8 
28.Rd2 Bc5 29.Kf1 Qc6 30.Bxc5 dxc5 31.Kf2 c4 
32.Rd6 Qc5+ 33.Kf1 cxb3 0-1

[Event "HCL-E1571"]
[Site "www.playchess.de"]
[Date "2006.03.09"]
[Round "27"]
[White "Vinci"]
[Black "yannick"]
[WhiteElo "1604"]
[BlackElo "1553"]
[PlyCount "81"]
[Result "1/2-1/2"]

1.e4 d6 {hi again good tournament}  2.d4 Nf6 3.Nc3 
{thanks, you too!}  g6 4.Bg5 Nc6 5.Nf3 Bg4 6.Be2 
Bxf3 7.Bxf3 e5 8.dxe5 Nxe5 9.Nd5 Bg7 10.Be2 O-O 
11.f4 Ned7 12.Nxf6+ Nxf6 13.O-O Qe8 14.Bxf6 Bxf6 
15.Bd3 Bxb2 16.Rb1 Bd4+ 17.Kh1 Qc6 18.f5 h6 
19.fxg6 fxg6 20.Qg4 Kg7 21.h4 Rae8 22.h5 g5 23.Rf5 
Re5 24.Rxf8 Kxf8 25.Rf1+ Kg7 26.Qf3 Qe8 27.Qf6+ 
Kh7 28.Qf7+ {draw with the two different coloured 
bishops?}  Qxf7 {think so}  29.Rxf7+ Kh8 30.Rxc7 
g4 31.g3 Rxh5+ 32.Kg2 {puh... good attack}  Ra5 
{let's go}  33.Rxb7 Rxa2 34.Rd7 Bc5 35.e5 dxe5 
36.Rh7+ Kg8 37.Rxh6 Kf7 38.Rg6 Ra4 39.Bf5 a5 
40.Rxg4 Rd4 41.Rxd4 {(offering draw) draw, 
different coloured bishops}  1/2-1/2

[Event "HCL-C4142"]
[Site "www.playchess.de"]
[Date "2006.03.09"]
[Round "5"]
[White "nichju"]
[Black "Kelthek"]
[WhiteElo "1062"]
[BlackElo "712"]
[PlyCount "123"]
[Result "1-0"]

1.e4 {Hello from Germany}  e5 {Hallo und viel 
Glueck!}  2.Nf3 {Hallo, das wünsche ich Dir auch}  
Nf6 3.Bc4 Qe7 4.c3 Nxe4 5.O-O c6 6.d3 d5 7.Bb3 Bg4 
8.h3 Bf5 9.dxe4 Bxe4 10.Bg5 Qe6 11.Nbd2 Be7 
12.Nxe4 O-O 13.Nc5 Bxc5 14.Be3 Na6 15.Ng5 Qf6 
16.Qh5 h6 17.Rad1 Rad8 18.Bc2 e4 19.c4 d4 20.Bd2 
Rde8 21.Bxe4 Bd6 22.Nh7 Qe5 23.Qxe5 Rxe5 24.Nxf8 
Bxf8 25.Rde1 Nc5 26.Bb1 Bd6 27.Rxe5 Bxe5 28.f4 Bf6 
29.g4 Ne6 30.f5 Nc5 31.h4 Bxh4 32.Be1 Bg5 33.Bf2 
Bf6 34.Re1 Nd7 35.Re8+ Nf8 36.Be1 c5 37.b4 b6 
38.bxc5 bxc5 39.a4 Bg5 40.Bg3 g6 41.fxg6 fxg6 
42.Bxg6 Kg7 43.Bh5 d3 44.Be5+ Bf6 45.Bxf6+ Kxf6 
46.Rxf8+ Ke5 47.Rf1 Kd4 48.Bf7 d2 49.Kf2 Kd3 
50.Bg6+ Kc3 51.Ke2 Kxc4 52.Kxd2 Kd4 53.Rh1 c4 
54.Rxh6 c3+ 55.Kc2 Ke3 56.Kxc3 Kf4 57.Be8 Kxg4 
58.Ra6 Kf4 59.Rxa7 Ke4 60.a5 Kd5 61.a6 Kc5 
62.Rh7 1-0

[Event "ACL-A645"]
[Site "www.playchess.de"]
[Date "2006.03.09"]
[Round "20"]
[White "M_L"]
[Black "Edik"]
[WhiteElo "1500"]
[BlackElo "1638"]
[PlyCount "93"]
[Result "1-0"]

1.e4 c6 {Hi! Good Luck!}  2.d4 {Hi..good game!}  
d5 3.e5 Bf5 4.Nf3 e6 5.Be2 Nd7 6.O-O Be7 7.a4 Nh6 
8.Na3 Bg6 9.Bxh6 gxh6 10.Qd2 h5 11.c4 dxc4 12.a5 
c3 13.Qxc3 O-O 14.a6 Qc8 15.Rfc1 Rd8 16.axb7 Qxb7 
17.Nc4 Qb5 18.g3 c5 19.Ra5 Qb8 20.Qa3 Rc8 21.Nd6 
cxd4 22.Rxc8+ Qxc8 23.Nxc8 Bxa3 24.bxa3 Rxc8 
25.Nxd4 Rc5 26.Rxc5 Nxc5 27.f4 a5 28.Kf2 Ne4+ 
29.Ke3 Nc3 {(offering draw)}  30.Nc6 Nxe2 31.Kxe2 
a4 32.Nb8 Be4 33.Nd7 Kg7 34.Nf6 Bg6 35.Ke3 h4 
36.g4 h3 37.Ne4 Bxe4 38.Kxe4 Kg6 39.Kf3 f6 40.exf6 
Kxf6 41.Kg3 e5 42.fxe5+ Kxe5 43.Kxh3 Kf6 44.Kg3 
Kg5 45.h4+ Kf6 46.Kf4 h6 47.Ke4 1-0

[Event "HCL-M890"]
[Site "www.playchess.de"]
[Date "2006.03.09"]
[Round "3"]
[White "Eyechess"]
[Black "temple"]
[WhiteElo "2026"]
[BlackElo "1731"]
[PlyCount "94"]
[Result "1/2-1/2"]

1.e4 {Nice to see you again.}  e5 {Hello again.}  
2.Bc4 Nf6 3.d3 Be7 4.Nc3 O-O 5.f4 d6 6.Nf3 exf4 
7.Bxf4 Be6 8.Qd2 Bxc4 9.dxc4 Nc6 10.O-O-O Ng4 
11.h3 Nge5 12.Nxe5 dxe5 13.Qf2 Bd6 14.Be3 Qe8 
15.c5 Be7 16.Nd5 Rc8 17.Qf5 f6 18.b4 a6 19.Rd3 Qg6 
20.Qxg6 hxg6 21.a4 Bd8 22.b5 Nb8 23.Rhd1 c6 
24.bxa6 Nxa6 25.Nb6 Bxb6 26.cxb6 Rf7 27.R3d8+ Rxd8 
28.Rxd8+ Rf8 29.Rd1 g5 30.Kb2 Rf7 31.Rd8+ Rf8 
32.Rd2 g6 33.Rd7 Rf7 34.Rd1 Kg7 35.a5 Re7 36.Rd6 
Kf7 37.c3 Nb8 38.Kb3 Re6 39.Rd3 Na6 40.Kc4 Re8 
41.Bc1 Ke6 42.Ba3 Nb8 43.Rd6+ Kf7 44.Bc5 f5 45.Kd3 
Rh8 46.Ba3 Re8 47.Ke3 Rh8 {(offering draw)} 
 1/2-1/2

[Event "ACL-A645"]
[Site "www.playchess.de"]
[Date "2006.03.09"]
[Round "10"]
[White "Palhares"]
[Black "Edik"]
[WhiteElo "1787"]
[BlackElo "1638"]
[PlyCount "107"]
[Result "1-0"]

1.e4 {Hello from Portugal. Good games}  c5 {Hello 
from Ukraine! Good game you!}  2.Nf3 Nc6 3.d4 cxd4 
4.Nxd4 Nf6 5.Nc3 e5 6.Ndb5 d6 7.Bg5 a6 8.Na3 Be7 
9.Bxf6 Bxf6 10.Nd5 O-O 11.Be2 Be6 12.Nxf6+ Qxf6 
13.O-O Rfd8 14.Bc4 Rac8 15.Bxe6 Qxe6 16.c4 Nd4 
17.Qd3 Rc5 18.b4 Rc6 19.f4 Qg4 20.Rf2 Rd7 21.Raf1 
h5 22.h3 Qh4 23.Kh2 Rb6 24.Rb2 Qf6 25.f5 Rc7 
{(offering draw)}  26.Nb1 Rbc6 27.Nc3 R6xc4 28.Nd5 
Qg5 29.Nxc7 Rxc7 30.Qd2 Qxd2 31.Rxd2 Rc4 32.Rb2 b5 
33.Rd1 Rc3 34.Rbd2 Re3 35.R2xd4 exd4 36.Rxd4 Kf8 
37.Rxd6 Rxe4 38.a3 Rf4 39.f6 Rxf6 40.Rxf6 gxf6 
41.Kg3 Kg7 42.Kf4 Kg6 43.h4 f5 44.Ke5 f4 45.Kxf4 
Kf6 46.g4 hxg4 47.Kxg4 Kg6 48.h5+ Kh6 49.Kf5 Kxh5 
50.Kf6 Kg4 51.Kxf7 Kf5 52.Ke7 Ke5 53.Kd7 Kd5 
54.Kc7 1-0

[Event "HCL-B3857"]
[Site "www.playchess.de"]
[Date "2006.03.09"]
[Round "9"]
[White "rvvillal"]
[Black "Sporang"]
[WhiteElo "1086"]
[BlackElo "1026"]
[PlyCount "56"]
[Result "0-1"]

1.e4 {Good Luck!!!}  e5 2.Nf3 Nc6 3.Bb5 d6 4.O-O 
a6 5.Ba4 b5 6.Bb3 Be6 7.Bxe6 fxe6 8.d3 Nf6 9.Nc3 
Be7 10.Re1 O-O 11.b3 Nd4 12.Nxd4 exd4 13.Ne2 c5 
14.Bb2 Rc8 15.c4 Qd7 16.cxb5 axb5 17.a3 e5 18.b4 
Qe6 19.bxc5 dxc5 20.a4 b4 21.a5 c4 22.dxc4 Qxc4 
23.Rc1 Qb5 24.Ra1 Nxe4 25.a6 Bc5 26.Qb3+ Kh8 
27.Ng3 d3 28.Bxe5 Bxf2+ 0-1

[Event "HCL-M834"]
[Site "www.playchess.de"]
[Date "2006.03.09"]
[Round "4"]
[White "nikk"]
[Black "Lillemester"]
[WhiteElo "1841"]
[BlackElo "1758"]
[PlyCount "74"]
[Result "0-1"]

1.d4 d5 2.Nf3 Nf6 3.b3 e6 4.e3 Be7 5.Bd3 Nc6 6.a3 
O-O 7.Nbd2 Bd6 8.Bb2 Re8 9.Ne5 Bxe5 10.dxe5 Nd7 
11.O-O Ndxe5 12.Bxh7+ Kxh7 13.Qh5+ Kg8 14.Bxe5 
Nxe5 15.Qxe5 Qd6 16.Qxd6 cxd6 17.c4 dxc4 18.Nxc4 
d5 19.Nd2 Bd7 20.Nf3 Rec8 21.Rac1 f6 22.h3 e5 
23.Rfd1 Be6 24.b4 b6 25.Kf1 Kf7 26.Ke2 a5 27.bxa5 
Rxa5 28.Rxc8 Bxc8 29.Ra1 Ba6+ 30.Kd2 g5 31.Ne1 Bf1 
32.Kc3 Ke6 33.Kb4 Kd6 34.a4 Rc5 35.Rb1 d4 36.exd4 
exd4 37.Rd1 Kd5 0-1

[Event "HCL-C4215"]
[Site "www.playchess.de"]
[Date "2006.03.09"]
[Round "10"]
[White "Skipper_Robert"]
[Black "sonnenschein"]
[WhiteElo "958"]
[BlackElo "1200"]
[PlyCount "89"]
[Result "1-0"]

1.e4 {Hallo!}  e5 {Hy und viel spaß}  2.d4 exd4 
3.Qxd4 Nc6 4.Qd1 Nf6 5.Nc3 Bb4 6.Bd2 d5 7.a3 Bxc3 
8.Bxc3 Nxe4 9.Bxg7 Rg8 10.Bd4 Bg4 11.f3 Qh4+ 12.g3 
Nxg3 13.Bf2 Qe7+ 14.Be2 Nxh1 15.fxg4 Qe5 16.Qd2 
Qxh2 17.Qe3+ Kd8 18.Rd1 Re8 19.Rxd5+ Qd6 20.Rxd6+ 
cxd6 21.Bh4+ Kd7 22.Qf3 Re5 23.Qxh1 Rae8 24.c3 Na5 
25.Bg3 R5e3 26.Bf2 R3e4 27.Qxh7 R8e7 28.g5 Kc6 
29.Bxa7 Rg4 30.Kf1 Rxg5 31.Qh1+ Kd7 32.Bb5+ Nc6 
33.Nf3 Rf5 34.Kg2 Re2+ 35.Kg3 Re3 36.Bxe3 Rxb5 
{ups zu früh}  37.Nd4 Rxb2 38.Qh3+ Ke8 39.Nf5 Ne7 
40.Ng7+ Kd8 41.Qh8+ Kd7 42.Qe8+ Kc7 43.Qxe7+ Kc6 
44.Nf5 Re2 45.Nd4+ {ups!!}  1-0

[Event "HCL-C4072"]
[Site "www.playchess.de"]
[Date "2006.03.09"]
[Round "20"]
[White "sigma40"]
[Black "JerryReneau"]
[WhiteElo "1172"]
[BlackElo "1079"]
[PlyCount "91"]
[Result "1-0"]

1.e4 {hello}  e5 {hey}  2.Nf3 d6 3.Nc3 f5 4.exf5 
Bxf5 5.Bb5+ Bd7 6.Bc4 a6 7.O-O Nc6 8.Qe1 Qf6 9.Ne4 
Qe7 10.d3 O-O-O 11.h3 Be6 12.Bg5 Nf6 13.Be3 Bxc4 
14.Nxf6 Qxf6 15.dxc4 Kb8 16.Bg5 Qe6 17.Bxd8 Nxd8 
18.b3 Nc6 19.Qe4 h6 20.c3 g5 21.b4 Be7 22.b5 axb5 
23.cxb5 Na5 24.Qb4 b6 25.a4 d5 26.Qb2 h5 27.Qe2 
Nc4 28.Rfe1 Bf6 29.Nd2 Nxd2 30.Qxd2 Rd8 31.a5 d4 
32.c4 Qxc4 33.Reb1 e4 34.Rb4 Qd5 35.Rba4 d3 
36.R1a2 Qxb5 37.axb6 cxb6 38.R4a8+ Kc7 39.R2a7+ 
Kd6 40.Qc1 Rxa8 41.Qc7+ Kd5 42.Qf7+ Ke5 43.Rxa8 d2 
44.Re8+ Kf5 45.Qe6+ Kf4 46.Qxe4+ 1-0

[Event "HCL-A2599"]
[Site "www.playchess.de"]
[Date "2006.03.09"]
[Round "7"]
[White "steady_eddie"]
[Black "Aggie"]
[WhiteElo "1670"]
[BlackElo "1325"]
[PlyCount "75"]
[Result "1-0"]

1.f4 c5 2.Nf3 Nf6 3.e3 g6 4.b3 Bg7 5.Bb2 O-O 6.Be2 
d6 7.O-O Nc6 8.Qe1 Nb4 9.Qd1 Bf5 10.d3 Qb6 11.Qd2 
Nfd5 12.Bxg7 Kxg7 13.e4 c4+ 14.Kh1 Ne3 15.exf5 
Nxf1 16.Bxf1 cxd3 17.Bxd3 f6 18.c3 Nxd3 19.Qxd3 
Rad8 20.Nd4 Kh8 21.Ne6 Qf2 22.Nd2 gxf5 23.Rf1 Qh4 
24.Qxf5 Rfg8 25.Nxd8 Rxd8 26.Nf3 Qh6 27.Re1 e5 
28.c4 exf4 29.Re6 Qg6 30.Rxf6 Qg7 31.Qxf4 Rg8 
32.g3 Qd7 33.Rxd6 Qg7 34.Qd4 Qxd4 35.Rxd4 Rf8 
36.Kg2 b6 37.Rd7 a5 38.Ng5 1-0

[Event "HCL-B3883"]
[Site "www.playchess.de"]
[Date "2006.03.09"]
[Round "7"]
[White "Mongol"]
[Black "cheloveck"]
[WhiteElo "1384"]
[BlackElo "1249"]
[PlyCount "68"]
[Result "0-1"]

1.e4 {Privet, chelovek!!!}  e5 {Privet, kak zhizn} 
 2.Nf3 {Normaljno,dishim ponemnogu.A kak u Vas.}  
Nc6 3.Bc4 h6 4.Nc3 d6 5.d3 Nf6 6.Be3 Be7 7.O-O Bg4 
8.h3 Bxf3 9.Qxf3 Qd7 10.Nd5 a6 11.a4 a5 12.Bb5 Qd8 
13.c3 O-O 14.d4 Na7 15.Bd3 Re8 16.dxe5 dxe5 
17.Nxf6+ Bxf6 18.Rad1 Qe7 19.Bc4 Nc6 20.Rd5 Rad8 
21.Bc5 Rd6 22.Bxd6 cxd6 23.Rfd1 Rd8 24.Bb5 Na7 
25.c4 Nxb5 26.Rxb5 Rc8 27.Qf5 Rxc4 28.Rxb7 Qxb7 
29.Rxd6 Qxb2 30.Rxf6 gxf6 31.Qxf6 Qc1+ 32.Kh2 Qf4+ 
33.Qxf4 exf4 34.f3 Rxa4 0-1

[Event "HCL-C4215"]
[Site "www.playchess.de"]
[Date "2006.03.09"]
[Round "19"]
[White "sonnenschein"]
[Black "Veltliner"]
[WhiteElo "1200"]
[BlackElo "1200"]
[PlyCount "72"]
[Result "0-1"]

1.d4 {hallo auf ein neues}  f5 {hallo, wünsche ein 
gutes spiel}  2.Nf3 {wünsche ich Dir auch}  h6 
3.Ne5 g5 4.Ng6 Rh7 5.e3 Nf6 6.Bd3 e6 7.Nxf8 Kxf8 
8.h3 c6 9.Bd2 b5 10.Nc3 a5 11.f4 Ng8 12.Rg1 Ba6 
13.a3 d5 14.b4 a4 15.g4 Bc8 16.Qe2 gxf4 17.exf4 
Qh4+ 18.Qf2 Qxh3 19.Qg3 Qxg3+ 20.Rxg3 Rg7 21.O-O-O 
fxg4 22.f5 exf5 23.Rf1 Rf7 24.Ne2 h5 25.Nf4 Kg7 
26.Nxh5+ Kf8 27.Rh3 gxh3 28.Rf2 Raa7 29.Bxf5 
{Guten Morgen}  Rxf5 {Schönen Tag}  30.Rxf5+ {das 
wollte ich aber nicht mit dem Zug war zu schnell 
weg konnte nichts mehr ändern habe statt auf neuen 
Zug auf ziehen gedrückt, na so ein mist.Jetzt muss 
ich dienen Turm schlagen ..Aber hast dir auch 
verdient. Spielst gut}  Bxf5 {Ist mir auch schon 
mal passiert, man drückt und im gleichen Moment 
fällt dir der Fehler auf. Aber es ist nur ein 
Spiel! Ich spiele gerne mit dir.
Bis dann}  31.Bg5 h2 32.Ng3 {In diesem Tunier 
scheine ich wohl kein Glück zu haben aber schön 
wenn jemand gerne mit mir spielt-Danke ebenfalls}  
Rg7 33.Bf4 Nd7 34.Kd2 Rxg3 35.Bxg3 h1Q 36.Bd6+ 
Kf7 0-1

[Event "HCL-C4215"]
[Site "www.playchess.de"]
[Date "2006.03.09"]
[Round "9"]
[White "sonnenschein"]
[Black "Skipper_Robert"]
[WhiteElo "1200"]
[BlackElo "958"]
[PlyCount "86"]
[Result "0-1"]

1.d4 d5 2.Nc3 Nf6 3.Nf3 Nc6 4.e3 Bf5 5.Ne5 Nxe5 
6.dxe5 Ne4 7.Nxe4 Bxe4 8.f3 Bf5 9.Bd3 g6 10.e4 Be6 
11.Bg5 h6 12.Be3 Bg7 13.exd5 Bxd5 14.f4 Bxg2 
15.Rg1 Bc6 16.e6 O-O 17.Bc4 Bxb2 18.exf7+ Rxf7 
19.Bxf7+ Kxf7 20.Qxd8 Rxd8 21.Rd1 Bc3+ 22.Bd2 Bf6 
23.Bb4 Bd4 24.Rf1 b6 25.f5 g5 26.f6 exf6 27.c3 
Re8+ 28.Kd2 Be3+ 29.Kc2 Ba4+ 30.Kb2 c5 31.Ka3 Bxd1 
32.Rxd1 cxb4+ 33.Kxb4 {guten morgen}  Re4+ {moin 
moin}  34.Kb5 a5 35.Re1 Re5+ 36.Ka4 Bd2 37.Rb1 
{(offering draw)}  Re4+ {Ich denke da ist für mich 
noch was drin}  38.Kb5 {das glaube ich auch... wie 
war das manchmal verliert man und manchmal gewinnt 
der andere.Ich habe da wohl keine Chance 
mehr.....}  Be3 {Die Partie möchte ich schon 
gewinnen, aber auf Fehler warten lohnt sich bei 
mir immer!}  39.Re1 {ok ich warte... will auch 
gewinnen so ist ja nicht, gibts hier keine 
Frauenvorteile ???}  Re5+ {Ist ja toll mal eine 
Schachspielerin zu treffen, Frauen spielen wohl 
eher selten Schach, aber von Frauenquoten ist mir 
nichts bekannt :-)}  40.Ka6 {Na ja siehst ja -wie 
Frau spielt- gibt es eigentlich irgend einen Sport 
wo Frauen gegenüber Männer eine Chance haben ??}  
Ke7 {Ich spiel ja nun auch nicht besser, ohne jede 
Konstruktion.Im übrigen, meine Erfahrung zeigt, 
dass Frauen sehr oft die besseren Segler sind _/)} 
 41.Kb7 {ja habe Deine Seite schon gesehen. Zwei 
meiner besten Freundinen Segel-Ich nicht! Bin in 
Thailand mal Speed-boot gefahren und dabei fast 
umgekommen seit dem, Schiff und Wasser ist so ne 
Sache.}  Re6 {Man muss ja nicht gleich so rasant 
an die Sache herangehen.}  42.c4 {da hast recht, 
wohnst du in Berlin ?}  Bc5 {Ja, und wo bist Du zu 
Hause?}  43.a4 {in Heilbronn, meine Tochter wohnt 
in Berlin.}  Rxe1 {In Heilbronn war ich noch 
nicht, aber sag mal steht (stand) der Turm da 
schon länger so rum :-)}  0-1